The clinical interview / (Record no. 28613)
[ view plain ]
| 000 -LEADER | |
|---|---|
| fixed length control field | 00858nam a22002531 4500 |
| 001 - CONTROL NUMBER | |
| control field | 28613 |
| 003 - CONTROL NUMBER IDENTIFIER | |
| rucl marc code | BD-RjUL |
| 005 - DATE AND TIME OF LATEST TRANSACTION | |
| control field | 20211209051315.0 |
| 008 - FIXED-LENGTH DATA ELEMENTS--GENERAL INFORMATION | |
| fixed length control field | 140331s1955 nyua b 000 0 eng |
| 035 ## - SYSTEM CONTROL NUMBER | |
| System control number | (BD-RjUL)28694 |
| 040 ## - CATALOGING SOURCE | |
| Original cataloging agency | DLC |
| Transcribing agency | DLC |
| Modifying agency | DLC |
| -- | BD-RjUL |
| Language of cataloging | eng |
| 041 ## - LANGUAGE CODE | |
| Language code of text/sound track or separate title | eng |
| 082 00 - DEWEY DECIMAL CLASSIFICATION NUMBER | |
| Classification number | 131.34 |
| Author mark and year | DEC V-1 1955 |
| 100 1# - MAIN ENTRY--PERSONAL NAME | |
| Personal name | Deutsch, Felix, |
| Dates associated with a name | 1884-1964. |
| 9 (RLIN) | 87600 |
| 245 14 - TITLE STATEMENT | |
| Title | The clinical interview / |
| Statement of responsibility, etc. | by Felix Deutsch and William F. Murphy. |
| Number of part/section of a work | Volume One : |
| -- | Diagnosis : |
| Name of part/section of a work | a method of teaching associative exploration. |
| 260 ## - PUBLICATION, DISTRIBUTION, ETC. (IMPRINT) | |
| Place of publication, distribution, etc. | New York : |
| Name of publisher, distributor, etc. | International Universities Press, |
| Date of publication, distribution, etc. | 1955. |
| 300 ## - PHYSICAL DESCRIPTION | |
| Pagination | 613 p. : |
| Illustrations | ill, ; |
| Size | 24 cm. |
| 504 ## - BIBLIOGRAPHY, ETC. NOTE | |
| Bibliography, etc | Bibliography: v. 2, p. 322-323. |
| 650 #0 - SUBJECT ADDED ENTRY--TOPICAL TERM | |
| Topical term or geographic name as entry element | Psychoanalysis. |
| 9 (RLIN) | 87601 |
| 700 1# - ADDED ENTRY--PERSONAL NAME | |
| Personal name | Murphy, William Francis, |
| Dates associated with a name | 1908- |
| Relator term | joint author. |
| 942 ## - ADDED ENTRY ELEMENTS (KOHA) | |
| Source of classification or shelving scheme | Dewey Decimal Classification |
| Koha item type | Books |
| Lost status | Source of classification or shelving scheme | Damaged status | Not for loan | Collection code | Permanent Location | Current Location | Shelving location | Date acquired | Source of acquisition | Cost, normal purchase price | Total Checkouts | Full call number | Date last seen | Copy number | Koha item type |
|---|---|---|---|---|---|---|---|---|---|---|---|---|---|---|---|
| Dewey Decimal Classification | Added to bundle | Non-fiction | Central Library, University of Rajshahi | Central Library, University of Rajshahi | Reading Room | 10/03/1958 | Mr. M. T. Rahman, PSy. Dept. | 10.00 | 131.34 DEC V-1 1955 | 31/03/2014 | C-1 | Books |